| 000 | 00804nam a2200193 a 4500 | ||
|---|---|---|---|
| 008 | 071018s1995 ||||||||||||||||| || u | ||
| 020 | _a0821331973 | ||
| 050 | _aIBRD(06)SS/1995/1 | ||
| 100 | _aTabor, Steven R | ||
| 245 | 1 | 0 |
_aAgricultural research in an era of adjustment: policies, institutions, and progress _cedited by Steven R. Tabor |
| 260 |
_aWashington, D. C.: _bWorld Bank _c1995 |
||
| 300 | _axii, 201p. : ill. | ||
| 350 | _a0.00 | ||
| 490 | _aEDI Seminar Series | ||
| 650 | _aSTRUCTURAL ADJUSTMENT (ECONOMIC POLICY)--DEVELOPING COUNTRIES | ||
| 650 | _aAGRICULTURE AND STATE--DEVELOPING COUNTRIES | ||
| 710 | _aWorld Bank | ||
| 995 |
_D0.00 _FCBU-MAIN LIBRARY (Kitwe) _H1 _I0.00 _M1 _UAVAILABLE _WOct 18, 2007 _ZInternational Publications |
||
| 999 |
_c33944 _d33944 |
||